TCP/ IP Illustrated, Volume 1 / The Protocols (Record no. 5489)
[ view plain ]
| 000 -LEADER | |
|---|---|
| fixed length control field | 01129cam a22001934a 4500 |
| 005 - ΗΜΕΡΟΜΗΝΙΑ ΚΑΙ ΩΡΑ ΤΕΛΕΥΤΑΙΑΣ ΕΝΗΜΕΡΩΣΗΣ | |
| Πεδίο ελέγχου | 20250605164213.0 |
| 008 - FIXED-LENGTH DATA ELEMENTS--GENERAL INFORMATION | |
| Πεδίο ελέγχου σταθερού μήκους | 250528s ||||||||||||||||||||||||d |
| 035 ## - SYSTEM CONTROL NUMBER | |
| System control number | 20373 |
| 020 ## - ISBN | |
| ISBN | 201633469 |
| 040 ## - ΠΗΓΗ ΚΑΤΑΛΟΓΟΓΡΑΦΗΣΗΣ | |
| Φορέας πρωτότυπης καταλογογράφησης | MC Athens Campus Library |
| Γλώσσα καταλογογράφησης | Ελληνικά, Μοντέρνα (1453-) |
| Modifying agency | MC Athens Campus Library |
| Κανόνες περιγραφικής καταλογογράφησης | AACR2 |
| 245 1# - ΤΙΤΛΟΣ ΚΑΙ ΔΗΛΩΣΗ ΥΠΕΥΘΥΝΟΤΗΤΑΣ | |
| Τίτλος | TCP/ IP Illustrated, Volume 1 / The Protocols |
| 260 ## - PUBLICATION, DISTRIBUTION, ETC. | |
| Name of publisher, distributor, etc. | American Psychological Association, |
| Date of publication, distribution, etc. | 1994 |
| 300 ## - PHYSICAL DESCRIPTION | |
| Extent | 582 |
| 520 ## - SUMMARY, ETC. | |
| Summary, etc. | A complete TCP/ IP protocol suite with an important difference from other books on the subject. Preface, Introduction, Link Layer, IP: Internet Protocol, ARP: Address Resolution Protocol, RARP: Reverse Address Resolution Protocol, ICMP: Internet Control Message Protocol, Ping Program, Traceroute Program, IP Routing, Dynamic Routing Protocols, Broadcasting and Multicasting, DNS: The Domain Name System, TFTP: Trivial File Transfer Protocol, TCP: Transmission Control Protocol, TCP Interactive Data Flow, TCP Persist Timer, TCP Futures and Performance, Telnet and Rlogin: Remote Login, Other TCP/ IP Applications, Bibliography, Index. |
| 700 1# - ΠΡΟΣΘΕΤΗ ΑΝΑΓΡΑΦΗ--ΦΥΣΙΚΟ ΠΡΟΣΩΠΟ | |
| Personal name | Stevens Richard W |
| 9 (RLIN) | 6360 |
| 942 ## - ADDED ENTRY ELEMENTS (KOHA) | |
| Koha item type | Books |
| Τύπος τεκμηρίου | Βιβλιοθήκη | Τρέχουσα τοποθεσία | Barcode | Αριθμός εισαγωγής | Ημερομηνία απόκτησης | Ταξιθετικό σύμβολο | Αριθμός αντιτύπου | Κατάσταση απόσυρσης | Κατάσταση χαμένου | Κατάσταση κατεστραμμένου | Μη δανεισμός | Σύνολο δανεισμών | Ημερομηνία τελευταίας εμφάνισης | Η τιμή ισχύει από |
|---|---|---|---|---|---|---|---|---|---|---|---|---|---|---|
| Books | MC Athens Campus Library | MC Athens Campus Library | 9780000054883 | 6838 | 05/06/2025 | 004.62 STE | 1 | 05/06/2025 | 05/06/2025 |